000
00314 a2200133 4500
000
nam a22 7a 4500
100
_a
Jenkins,H
110
_a
Jenkins,H
245
_a
Introduction to communication studies
250
_a
latest edition
260
_b
Routledge
_c
2026
264
_b
Routledge
_c
2026
942
_c
BK
999
_c
397301
_d
397301